| 000 | 00662nam a2200205 i 4500 | ||
|---|---|---|---|
| 001 | bg | ||
| 100 | 1 | _aGawenda, Józef. | |
| 245 | 0 |
_aLaboratorium maszyn elektrycznych : _b[wybrane zagadnienia] / _cJózef Gawenda, Janina Fleszer, Anna Oset. |
|
| 260 |
_aKielce : _bPolit. Świętokrzyska, _c1978. |
||
| 300 |
_as. 83 : _brys., tab. |
||
| 490 | 1 |
_aSkrypty Uczelniane Politechniki Świętokrzyskiej ; _vnr 47 |
|
| 700 | 1 | _aFleszer, Janina. | |
| 700 | 1 | _aOset, Anna. | |
| 830 | _aSkrypty Uczelniane Politechniki Świętokrzyskiej ; | ||
| 040 | _cBPK | ||
| 041 | _apol | ||
| 080 | _a621.313(075.8) | ||
| 942 | _cKS | ||
| 008 | s pl f |000 0 pol | ||
| 999 |
_c9666 _d9666 |
||
| 856 |
_uhttp://koha.tu.koszalin.pl/cgi-bin/koha/opac-detail.pl?biblionumber=9666 _yKatalog online BPK |
||